Κατάλογος Βιβλιοθηκών Mediterranean College

Το Παραγωγικό Μοντέλο για την Ανάπτυξη της Χώρας (Record no. 9489)

MARC details
000 -LEADER
fixed length control field 01912cam a22001814a 4500
005 - ΗΜΕΡΟΜΗΝΙΑ ΚΑΙ ΩΡΑ ΤΕΛΕΥΤΑΙΑΣ ΕΝΗΜΕΡΩΣΗΣ
Πεδίο ελέγχου 20250605164402.0
008 - FIXED-LENGTH DATA ELEMENTS--GENERAL INFORMATION
Πεδίο ελέγχου σταθερού μήκους 250528s ||||||||||||||||||||||||d
035 ## - SYSTEM CONTROL NUMBER
System control number 24620
040 ## - ΠΗΓΗ ΚΑΤΑΛΟΓΟΓΡΑΦΗΣΗΣ
Φορέας πρωτότυπης καταλογογράφησης MC Athens Campus Library
Γλώσσα καταλογογράφησης Ελληνικά, Μοντέρνα (1453-)
Modifying agency MC Athens Campus Library
Κανόνες περιγραφικής καταλογογράφησης AACR2
245 1# - ΤΙΤΛΟΣ ΚΑΙ ΔΗΛΩΣΗ ΥΠΕΥΘΥΝΟΤΗΤΑΣ
Τίτλος Το Παραγωγικό Μοντέλο για την Ανάπτυξη της Χώρας
260 ## - PUBLICATION, DISTRIBUTION, ETC.
Name of publisher, distributor, etc. Δελτίον Διοικήσεως Επιχειρήσεων,
Date of publication, distribution, etc. 2020
300 ## - PHYSICAL DESCRIPTION
Extent 88
520 ## - SUMMARY, ETC.
Summary, etc. Η Έκθεση της Επιτροπής Πισσαρίδη και η Παραγωγικότητα, Η Διανομή και η Κεφαλαιοποίηση: Πανάκεια ή Καταστροφή, ΤτΕ: Ενδιάμεση Έκθεση - Τα Βασικά Σενάρια για την Οικονομία, ΕΠΑνΕΚ: Πρώτη η Ελλάδα στην Απορρόφηση Κονδυλίων, UBS: Στα προ Πανδημίας Επίπεδα θα Επιστρέψει η Οικονομική Παραγωγή και τα Εταιρικά Κέρδη το 2021, Ελληνική Ένωση Τραπεζών: Μέτρα Στήριξης των Δανειοληπτών εώς τον Μάρτιο 2021, Ένωση Ελλήνων: Να Εμβολιαστούν πρώτα οι Ναυτικοί Ενάντια στον COVID-19, Rina: Επέκταση των Γραφείων του στον Πειραιά, ΤτΕ: Αύξηση Ενεργητικού των Ασφαλιστικών Εταιρειών το Εννεάμηνο, ΕΑΕΕ: Συμμετέχει στο Life Profile' της ΕΕ, σεβ - Innovation Ready: Μια Νέα Πρωτοβουλία για την Προσέγγιση της Βιομηχανίας με τις Startups και την Ερευνητική Κοινότητα.
700 1# - ΠΡΟΣΘΕΤΗ ΑΝΑΓΡΑΦΗ--ΦΥΣΙΚΟ ΠΡΟΣΩΠΟ
Personal name Παπαμιχαλάκης Ιωάννης Ν
9 (RLIN) 9495
942 ## - ADDED ENTRY ELEMENTS (KOHA)
Koha item type Περιοδικά Δημοσιεύματα
Holdings
Τύπος τεκμηρίου Βιβλιοθήκη Τρέχουσα τοποθεσία Barcode Ημερομηνία απόκτησης Ταξιθετικό σύμβολο Αριθμός αντιτύπου Κατάσταση απόσυρσης Κατάσταση χαμένου Κατάσταση κατεστραμμένου Μη δανεισμός Σύνολο δανεισμών Ημερομηνία τελευταίας εμφάνισης Η τιμή ισχύει από
Περιοδικά Δημοσιεύματα MC Athens Campus Library MC Athens Campus Library 9780000094889 05/06/2025 ΔΕΛΤΙΟΝ ΔΙΟΙΚΗΣΗ ΕΠΙΧΕΙΡΗΣΕΩΝ 1           05/06/2025 05/06/2025

MC Athens Campus Library
Πατησίων 94 & Κοδριγκτώνος 13, 104 34
Πελλήνης 8 & Πατησίων 107, 112 51
Τ: +30 210 8899600

MC Thessaloniki Campus Library
Ίωνος Δραγούμη 21, 54625 | Ίωνος Δραγούμη 15, 54625
Τ: +30 2310 287779 – Τ: +30 2314 440300